Uplatnenie diagnostických metód vo veľkých podnikoch

Salvato in:
Dettagli Bibliografici
Autore principale: Brezániová, Mária
Natura: Capitolo di libro
Lingua:inglese
slovacco
Tags: Aggiungi Tag
Nessun Tag, puoi essere il primo ad aggiungerne!!

MARC

LEADER 00000nla a2200000 4500
001 0176989
005 20240502073022.1
041 0 |a eng 
041 0 |a slo 
044 |a SK 
245 1 0 |a Uplatnenie diagnostických metód vo veľkých podnikoch  |c Mária Brezániová 
500 |a Abstrakt 
100 1 |a Brezániová, Mária